000 01978nam a22002177a 4500
999 _c4255
_d4255
003 OSt
005 20250204090421.0
008 250204b ||||| |||| 00| 0 eng d
020 _a9781447991007
040 _cKH8
082 _a570 SAL
130 _aSALTER- NUFFIEL AS / A Level Biology
245 _aSALTER- NUFFIEL AS / A Level Biology .
260 _aLondon ;
_bPearson Education Limited ,
_c2015.
300 _a226 pages :
_bcolor illustrations ;
_c28 cm.
500 _aIncludes index.
520 _aExam Salters Nuffield A level Science / Biology First September 2015 First June 2017 An ActiveBook is included with every Student Book, giving your students easy online access to the content in the Student Book. They can make it their own with notes, highlights and links to their wider reading. Perfect for supporting revision activities. Student Book 1 supports a standalone AS course and provides the first year of a two-year A level course; Student Books 1and 2 together support the full A level course. A cumulative approach to learning constantly builds on what has previously been learnt. Each topic is introduced within a wider context. Concepts are revisited and developed in later topics. Integrated math sand stats support directs students to online maths resources. Thinking Bigger spreads require students to use knowledge in new contexts and think about connections and develop essential assessment skills throughout course. Real-life articles engage students with current biological writing and develop scientific literacy skills needed for A level and beyond. Checkpoints consolidate knowledge through summarizing tasks Practical activities provide opportunities for students to practise their skills and develop understanding of practical requirements. Material has been updated to reflect revisions, additions and deletions to changes in the subject content.
650 _aScience
_vBiology book
650 _aBiology
_vcoursebook
942 _2ddc
_cNFIC